Most Powerful Currencies - Statistics

General Stats
  • This quiz has been taken 157 times
  • The average score is 10 of 18
Answer Stats
Rank Country % Correct
6 United Kingdom
94%
9 United States of America
94%
8 Austria | Belgium | Cyprus | Estonia | Finland | France | Germany | Greece | Ireland | Italy | Latvia | Lithuania | Luxembourg | Malta | Netherlands | Portugal | Slovakia | Slovenia | Spain
92%
13 Australia
83%
12 Canada
82%
16 New Zealand
73%
10 Switzerland | Liechtenstein
66%
15 Singapore
58%
1 Kuwait
55%
18 Brazil
54%
2 Bahrain
47%
3 Oman
46%
19 Israel
45%
20 Turkey
39%
4 Jordan
32%
11 Brunei
28%
17 Fiji
9%
14 Libya
9%
No matching quizzes found
Score Distribution
Percent of People with Each Score
Percentile by Number Answered
Your Score History
You have not taken this quiz